000 00691nam a2200193 i 4500
001 45774
003 ES-MaACL
005 20250724094351.0
007 t|
008 030326s1928 it ||||1| spa d
100 1 _aCondeminas, Francisco.
_940137
245 1 0 _aAtlas geográfico universal
_b: para uso de Institutos nacionales de 2ª enseñanza, Escuelas de Comercio, de Náutica, Normales, etc. /
_cFrancisco Condeminas y Luis Visintin.
260 _aNovara :
_bInstituto Geográfico de Agostini,
_c[1928]
300 _a26 h. de map. col. ;
_c34 cm.
650 7 _aAtlas
_2embne
_910407
700 1 _aVisintin, Luigi.
_9199124
852 _aES-MaACL
_j2330-F-11
999 _c45774
_d45774